| 000 | 00328nam a22001337a 4500 | ||
|---|---|---|---|
| 020 | _a9788177229714 | ||
| 040 | _cNUST | ||
| 082 | _a658.15 RAM | ||
| 100 |
_aRamamurthy, G.C. _991870 |
||
| 245 | _aResearch Methadology | ||
| 260 |
_aDelhi: _bDreamtech Press, _c2015. |
||
| 650 |
_aResearch Methadology _991871 |
||
| 942 |
_2ddc _cBK |
||
| 999 |
_c590004 _d590004 |
||